000 00356nam a2200133Ia 4500
003 GCL
008 140319s9999 xx 000 0 eng d
040 _aGCL /
_cGCL
082 0 4 _a729
_bP D
100 1 _aPAPADAKIS, ANDREAS
245 1 0 _aA DECADE OF ARCHITECTURAL DESIGN /
_cPAPADAKIS, ANDREAS
260 _a[S.N] :
_bACDEMIC PRESS ،
_c1991
300 _a220 P
999 _c10362
_d10362